Plantas útiles del complejo cenagoso de Zapatosa / (Registro nro. 7526)

Detalles MARC
000 -CABECERA
Campo de control 01140nam a22002657a 4500
005 - FECHA Y HORA DE LA ULTIMA TRANSACCION
Campo de control 20141204082344.0
008 - ELEMENTOS DE LONGITUD FIJA—INFORMACION GENERAL
Campo de control 121215s2011 ck ao gr 00010 spa d
020 ## - ISBN
ISBN 9789587198669
040 ## - FUENTE DE CATALOGACIÓN
Agencia catalogadora original CO-BoIH
Agencia transcriptora CO-BoIH
041 0# - IDIOMA
Código de idioma para texto/pista de sonido o título separado Español
082 04 - NUMERO DE CLASIFICACION DECIMAL DEWEY
Número de clasificación 580.986118
Número del ítem P51
245 00 - MENCION DE TITULO
Título Plantas útiles del complejo cenagoso de Zapatosa /
Mención de responsabilidad Ana Cristina Estupiñán-González ... [et al.] ; J. Orlando Rangel Ch.
260 ## - PUBLICACION, DISTRIBUCION, ETC. (PIE DE IMPRENTA)
Lugar de publicación, distribución, etc. Bogotá :
Nombre del editor, distribuidor, etc. Universidad Nacional de Colombia. Facultad de Ciencias. Instituto de Ciencias Naturales,
Fecha de publicación, distribución, etc. 2011.
300 ## - DESCRIPCION FISICA
Extensión 69 p. :
Otros detalles físicos il. ;
Dimensiones 24 cm.
490 0# - MENCION DE SERIE
Mención de serie Colombia diversidad biótica publicación especial. Guía de campo
500 ## - NOTA GENERAL
Nota general Glosario : p. 62-64.
504 ## - NOTA DE BIBLIOGRAFIA, ETC.
Nota de bibliografía Incluye bibliografía e índice.
650 #4 - ASIENTO SECUNDARIO DE MATERIA - TERMINO TEMATICO
Término temático o nombre geográfico como elemento de entrada Diversidad biológica
Subdivisión geográfica Ciénaga de Zapatosa (Cesar)
650 #4 - ASIENTO SECUNDARIO DE MATERIA - TERMINO TEMATICO
Término temático o nombre geográfico como elemento de entrada Plantas
Subdivisión general Clasificación
Subdivisión geográfica Ciénaga de Zapatosa (Cesar)
650 #4 - ASIENTO SECUNDARIO DE MATERIA - TERMINO TEMATICO
Término temático o nombre geográfico como elemento de entrada Plantas
Subdivisión general Fichas técnicas
Subdivisión geográfica Ciénaga de Zapatosa (Cesar)
700 1# - ASIENTO SECUNDARIO - NOMBRE PERSONAL
Nombre personal Rangel Ch., J. Orlando,
Término de relación ed.
700 1# - ASIENTO SECUNDARIO - NOMBRE PERSONAL
Nombre personal Estupiñán-González, Ana Cristina.
942 ## - ELEMENTOS ADICIONALES (KOHA)
Sistema de clasificación Dewey Decimal Classification
Tipo de ítem Libro
949 ## - LOCAL PROCESSING INFORMATION (OCLC)
a
Existencias
Withdrawn status Lost status Sistema de Clasificación Damaged status No para préstamo Colección Inventariado Ubicación Permanente Ubicación actual Fecha de adquisición Fuente de Valor Valor Total Checkouts Número topográfico Inventario / Código de Barras Date last seen Ejemplar Price effective from Forma de adquisición Tipo de material
    Dewey Decimal Classification     General Inventariado 2017 Bogotá Bogotá 24/02/2014 Instituto 39000.00   LB-580.98 E74p 028657 24/02/2014 Ej. 2 24/02/2014   Libro
    Dewey Decimal Classification     General Inventariado 2017 Sala Fabio Quevedo Sala Fabio Quevedo 12/08/2013 Instituto 39000.00   LB-580.98 E74p 058311 12/08/2013 Ej. 1 12/08/2013   Libro
    Dewey Decimal Classification     General Inventariado 2017 Sala Fabio Quevedo Sala Fabio Quevedo 24/02/2014 Instituto 39000.00   LB-580.98 E74p 059885 24/02/2014 Ej. 3 24/02/2014   Libro